[Event "Esbjerg 100 Years m"]
[Site "Esbjerg"]
[Date "2022.10.21"]
[Round "3.1"]
[White "Bjerre, Jonas Buhl"]
[Black "Hansen, Curt"]
[Result "1-0"]
[WhiteElo "2612"]
[BlackElo "2596"]
[PlyCount "103"]
[EventDate "2022.10.20"]
[EventType "team-match"]
[EventRounds "4"]
[EventCountry "DEN"]
[SourceTitle "EXT 2024"]
[Source "ChessBase"]
[SourceDate "2023.10.10"]
[SourceVersion "1"]
[SourceVersionDate "2023.10.10"]
[SourceQuality "1"]
[WhiteTeam "Youth"]
[BlackTeam "Experience"]
[WhiteTeamCountry "DEN"]
[BlackTeamCountry "DEN"]

1. e4 e6 2. d4 d5 3. Nd2 c5 4. exd5 Qxd5 5. dxc5 Bxc5 6. Ngf3 Nf6 7. Bc4 Qd8 8. 0-0 a6 9. Qe2 0-0 10. Nb3 Bd6 11. Bg5 Nbd7 12. Rad1 Qc7 13. Rfe1 h6 14. Bh4 Nb6 15. Rd4 Nfd5 16. Bd3 Nf4 17. Qd1 Nbd5 18. c4 Nxd3 19. Qxd3 Nb4 20. Qd2 Be7 21. Bg3 Qc6 22. c5 a5 23. a3 a4 24. Qxb4 axb3 25. Bd6 Bxd6 26. cxd6 b6 27. Ne5 Qc2 28. Rd2 Qc5 29. Qf4 Bb7 30. Qg3 Rfd8 31. Red1 Bd5 32. d7 f6 33. Nd3 Qb5 34. Nf4 Rxd7 35. Nh5 Kh7 36. h4 e5 37. Qg4 Raa7 38. Nxg7 Ra4 39. Qg3 Rxg7 40. Rxd5 Qc4 41. Rd7 Qg4 42. Rxg7+ Kxg7 43. Qxb3 Rd4 44. Rc1 Rd7 45. Qxb6 Kg6 46. Qc6 e4 47. a4 Qf5 48. a5 Qf4 49. Re1 Rd2 50. Qxe4+ Qxe4 51. Rxe4 Rxb2 52. Ra4 1-0

[Event "DEN-ch"]
[Site "Svendborg"]
[Date "2016.03.26"]
[Round "8"]
[White "Mikkelsen, Nikolaj"]
[Black "Hansen, Curt"]
[Result "0-1"]
[WhiteElo "2473"]
[BlackElo "2600"]
[PlyCount "90"]
[EventDate "2016.03.19"]
[EventType "tourn"]
[EventRounds "9"]
[EventCountry "DEN"]
[EventCategory "10"]
[SourceTitle "CBM 171 Extra"]
[Source "ChessBase"]
[SourceDate "2016.04.26"]
[SourceVersion "1"]
[SourceVersionDate "2016.04.26"]
[SourceQuality "1"]

1. e4 c5 2. Nf3 e6 3. d4 cxd4 4. Nxd4 Nf6 5. Nc3 d6 6. Be2 Nc6 7. Be3 Be7 8. 0-0 0-0 9. f4 e5 10. Nb3 exf4 11. Bxf4 Be6 12. Kh1 d5 13. exd5 Nxd5 14. Nxd5 Qxd5 15. Bf3 Qc4 16. Be2 Qa4 17. Qe1 Rfe8 18. Qg3 Bc4 19. Bxc4 Qxc4 20. c3 Rad8 21. Nd2 Qd5 22. a3 Bf8 23. Rae1 b5 24. Nf3 a5 25. Rxe8 Rxe8 26. Re1 Re4 27. Nd2 Rxe1+ 28. Qxe1 Qf5 29. Qe4 Qxe4 30. Nxe4 f5 31. Nd2 a4 32. Kg1 Kf7 33. Kf2 Ke6 34. Ke3 Kd5 35. Kd3 Na5 36. Nf3 Nc4 37. Bc1 Bc5 38. Nh4 Ne5+ 39. Kc2 Ke4 40. g3 h6 41. Bf4 g5 42. Bxe5 gxh4 43. Bc7 h3 44. Kd2 Kf3 45. Ke1 Bg1 0-1

[Event "DEN-ch"]
[Site "Svendborg"]
[Date "2016.03.21"]
[Round "3"]
[White "Bromann, Thorbjorn"]
[Black "Hansen, Curt"]
[Result "1/2-1/2"]
[WhiteElo "2452"]
[BlackElo "2600"]
[PlyCount "64"]
[EventDate "2016.03.19"]
[EventType "tourn"]
[EventRounds "9"]
[EventCountry "DEN"]
[EventCategory "10"]
[SourceTitle "CBM 171 Extra"]
[Source "ChessBase"]
[SourceDate "2016.04.26"]
[SourceVersion "1"]
[SourceVersionDate "2016.04.26"]
[SourceQuality "1"]

1. b3 d5 2. Nf3 Nf6 3. Bb2 g6 4. c4 c6 5. g3 Bg7 6. Bg2 0-0 7. 0-0 Bg4 8. d3 Nbd7 9. Nbd2 a5 10. a3 Qb6 11. Qc2 e6 12. e3 Ne8 13. Bxg7 Nxg7 14. d4 Rfd8 15. Qc3 Bxf3 16. Nxf3 Ne8 17. Nd2 Nef6 18. Rfb1 c5 19. dxc5 Qxc5 20. b4 axb4 21. axb4 Qc7 22. Rc1 Qe5 23. Rxa8 Rxa8 24. cxd5 Qxc3 25. Rxc3 Ra1+ 26. Nf1 Nxd5 27. Bxd5 exd5 28. Rc7 Ne5 29. Rxb7 Nf3+ 30. Kg2 Ne1+ 31. Kg1 Nf3+ 32. Kg2 Ne1+ 1/2-1/2

[Event "Oslo Scandinavian Masters"]
[Site "Oslo"]
[Date "2015.05.12"]
[Round "3"]
[White "Fressinet, Laurent"]
[Black "Hansen, Curt"]
[Result "1-0"]
[WhiteElo "2712"]
[BlackElo "2621"]
[PlyCount "69"]
[EventDate "2015.05.10"]
[EventType "tourn"]
[EventRounds "5"]
[EventCountry "NOR"]
[EventCategory "16"]
[SourceTitle "CBM 167"]
[Source "ChessBase"]
[SourceDate "2015.07.13"]
[SourceVersion "1"]
[SourceVersionDate "2015.07.13"]
[SourceQuality "1"]

1. d4 Nf6 2. c4 e6 3. Nf3 d5 4. Nc3 c6 5. e3 Nbd7 6. Bd3 Bd6 7. e4 dxe4 8. Nxe4 Nxe4 9. Bxe4 c5 10. 0-0 0-0 11. Bc2 Qc7 12. Qd3 f5 13. Rd1 cxd4 14. Qxd4 Bc5 15. Qc3 a5 16. Be3 b6 17. Bxc5 bxc5 18. Ba4 Nb6 19. Bb5 Bd7 20. a4 Bxb5 21. axb5 a4 22. Ne5 f4 23. Re1 Rad8 24. Nc6 Rd6 25. b3 f3 26. bxa4 fxg2 27. a5 Qf7 28. Ra2 Nd7 29. a6 Nb6 30. a7 Qf4 31. Qg3 Qxc4 32. Qxd6 Qxa2 33. Qxe6+ Qxe6 34. Rxe6 Na8 35. b6 1-0

[Event "DEN-ch"]
[Site "Svendborg"]
[Date "2015.04.03"]
[Round "7"]
[White "Antonsen, Mikkel"]
[Black "Hansen, Curt"]
[Result "0-1"]
[WhiteElo "2470"]
[BlackElo "2625"]
[PlyCount "96"]
[EventDate "2015.03.28"]
[EventType "tourn"]
[EventRounds "9"]
[EventCountry "DEN"]
[EventCategory "9"]
[SourceTitle "CBM 165 Extra"]
[Source "ChessBase"]
[SourceDate "2015.04.21"]
[SourceVersion "1"]
[SourceVersionDate "2015.04.21"]
[SourceQuality "1"]

1. d4 d5 2. c4 e6 3. Nc3 Nf6 4. Nf3 c5 5. cxd5 Nxd5 6. e4 Nxc3 7. bxc3 cxd4 8. cxd4 Bb4+ 9. Bd2 Bxd2+ 10. Qxd2 0-0 11. Bc4 b6 12. 0-0 Bb7 13. Rfe1 Nd7 14. a4 Rc8 15. Bd3 a5 16. Rab1 h6 17. Qf4 Rc3 18. Red1 Qe7 19. h4 Rfc8 20. Bb5 Nf6 21. Re1 Qc7 22. Ne5 Rd8 23. Rbd1 Bc6 24. Bxc6 Rxc6 25. Rc1 Rc3 26. Rcd1 Ne8 27. d5 exd5 28. exd5 Nf6 29. d6 Rxd6 30. Ng4 Rxd1 31. Nxf6+ gxf6 32. Qg4+ Kf8 33. Qxd1 Qc5 34. Qd2 Kg7 35. Qf4 h5 36. Re8 Rc1+ 37. Kh2 Rc4 38. Qd2 Rxh4+ 39. Kg1 Qd4 40. Qxd4 Rxd4 41. Rb8 Rb4 42. Kh2 f5 43. g3 h4 44. f4 hxg3+ 45. Kxg3 Kf6 46. Rc8 Ke6 47. Rc6+ Kd5 48. Rf6 Ke4 0-1

[Event "DEN-ch"]
[Site "Svendborg"]
[Date "2015.04.01"]
[Round "5"]
[White "Bekker Jensen, Simon"]
[Black "Hansen, Curt"]
[Result "1/2-1/2"]
[WhiteElo "2462"]
[BlackElo "2625"]
[PlyCount "48"]
[EventDate "2015.03.28"]
[EventType "tourn"]
[EventRounds "9"]
[EventCountry "DEN"]
[EventCategory "9"]
[SourceTitle "CBM 165 Extra"]
[Source "ChessBase"]
[SourceDate "2015.04.21"]
[SourceVersion "1"]
[SourceVersionDate "2015.04.21"]
[SourceQuality "1"]

1. d4 Nf6 2. c4 e6 3. Nc3 d5 4. cxd5 exd5 5. Bg5 c6 6. Qc2 Be7 7. e3 Nbd7 8. Bd3 Nh5 9. Bxe7 Qxe7 10. 0-0-0 Nb6 11. h3 g6 12. Nf3 Ng7 13. g4 Bd7 14. Kb1 0-0-0 15. Ne5 Kb8 16. Rc1 Be8 17. h4 f6 18. Nf3 Bd7 19. Rcg1 Ne6 20. g5 c5 21. dxc5 Nxc5 22. Nd4 Rhf8 23. gxf6 Rxf6 24. h5 Nxd3 1/2-1/2

[Event "DEN-ch"]
[Site "Svendborg"]
[Date "2015.03.31"]
[Round "4"]
[White "Hansen, Curt"]
[Black "Korley, Kassa"]
[Result "1-0"]
[WhiteElo "2625"]
[BlackElo "2424"]
[PlyCount "79"]
[EventDate "2015.03.28"]
[EventType "tourn"]
[EventRounds "9"]
[EventCountry "DEN"]
[EventCategory "9"]
[SourceTitle "CBM 165 Extra"]
[Source "ChessBase"]
[SourceDate "2015.04.21"]
[SourceVersion "1"]
[SourceVersionDate "2015.04.21"]
[SourceQuality "1"]

1. c4 e6 2. Nc3 d5 3. d4 Nf6 4. cxd5 Nxd5 5. e4 Nxc3 6. bxc3 c5 7. Nf3 cxd4 8. cxd4 Bb4+ 9. Bd2 Bxd2+ 10. Qxd2 0-0 11. Bc4 b6 12. 0-0 Bb7 13. Rfe1 Nc6 14. Rad1 Na5 15. Bd3 Rc8 16. h4 Nc4 17. Qe2 b5 18. a4 a6 19. axb5 axb5 20. Rb1 Nd6 21. Qd2 h6 22. Qf4 Rc3 23. Rbd1 f5 24. exf5 exf5 25. Ne5 Be4 26. d5 Re8 27. Nc6 Qf6 28. Bxe4 fxe4 29. Qxf6 gxf6 30. Ra1 Rd3 31. Ra7 Kf8 32. Rd7 Rxd5 33. Ra1 Rd2 34. Raa7 e3 35. fxe3 Rxe3 36. Rh7 Kg8 37. Rag7+ Kf8 38. Ne7 Re1+ 39. Kh2 Ke8 40. Nf5 1-0

[Event "Bundesliga 0607"]
[Site "Germany"]
[Date "2007.03.18"]
[Round "13.7"]
[White "Nyback, Tomi"]
[Black "Hansen, Curt"]
[Result "0-1"]
[WhiteElo "2575"]
[BlackElo "2621"]
[PlyCount "80"]
[EventDate "2006.10.28"]
[EventType "team-tourn"]
[EventRounds "15"]
[EventCountry "GER"]
[SourceTitle "CBM 118"]
[Source "ChessBase"]
[SourceDate "2007.05.31"]
[SourceVersion "1"]
[SourceVersionDate "2007.05.31"]
[SourceQuality "1"]
[WhiteTeam "Werder Bremen"]
[BlackTeam "Koeln Porz"]
[WhiteTeamCountry "GER"]
[BlackTeamCountry "GER"]

1. d4 d6 2. c4 g6 3. e4 Bg7 4. Nc3 e5 5. Nge2 Nc6 6. Be3 Nh6 7. d5 Ne7 8. f3 f5 9. Qd2 Nf7 10. g3 0-0 11. Bg2 c5 12. Rb1 b6 13. b4 Kh8 14. 0-0 Ng8 15. Nc1 Nf6 16. Nd3 Ba6 17. Nb5 fxe4 18. fxe4 Ng4 19. Bh3 Nxe3 20. Qxe3 Qe7 21. Qe2 Ng5 22. Bg2 h5 23. h4 Nh7 24. Bh3 Bh6 25. a4 Nf6 26. bxc5 bxc5 27. Ne1 Bc8 28. Bxc8 Raxc8 29. Nf3 Rb8 30. Nc3 Rxb1 31. Rxb1 Ng4 32. Nd1 Qd7 33. Rb5 Kg7 34. a5 a6 35. Rb6 Qa4 36. Nh2 Qa3 37. Kg2 Nxh2 38. Kxh2 Rf3 39. Rb7+ Kf6 40. Rh7 Bf4 0-1

[Event "Bundesliga 0607"]
[Site "Germany"]
[Date "2007.02.25"]
[Round "11.8"]
[White "Rudolf, Henrik"]
[Black "Hansen, Curt"]
[Result "1/2-1/2"]
[WhiteElo "2327"]
[BlackElo "2621"]
[PlyCount "103"]
[EventDate "2006.10.28"]
[EventType "team-tourn"]
[EventRounds "15"]
[EventCountry "GER"]
[SourceTitle "CBM 118"]
[Source "ChessBase"]
[SourceDate "2007.05.31"]
[SourceVersion "1"]
[SourceVersionDate "2007.05.31"]
[SourceQuality "1"]
[WhiteTeam "Berlin SF"]
[BlackTeam "Koeln Porz"]
[WhiteTeamCountry "GER"]
[BlackTeamCountry "GER"]

1. e4 c6 2. d4 d5 3. exd5 cxd5 4. c4 Nf6 5. Nc3 g6 6. Qb3 Bg7 7. cxd5 0-0 8. Be2 Nbd7 9. Bf3 Nb6 10. Bf4 Bf5 11. Rd1 Qd7 12. h3 h5 13. Nge2 Rfd8 14. d6 exd6 15. 0-0 d5 16. Bg5 Bg4 17. hxg4 hxg4 18. Bxd5 Nbxd5 19. Nf4 Nxc3 20. bxc3 Qf5 21. Bxf6 Bxf6 22. Nd3 Rac8 23. Qxb7 Rxc3 24. Ne5 Bg5 25. g3 Kg7 26. Qb1 Bf6 27. Qb7 Bxe5 28. dxe5 Rh8 29. e6 Qxe6 30. Qxa7 Rc4 31. Rd4 Qc6 32. f3 Rc1 33. Rdd1 Rxd1 34. Rxd1 Qxf3 35. Qd4+ f6 36. Qd7+ Kh6 37. Rd3 Qe4 38. Qd4 Qxd4+ 39. Rxd4 f5 40. a4 Rc8 41. a5 Rc1+ 42. Kf2 Ra1 43. Rd5 Ra3 44. Rb5 Kg5 45. Kg2 Ra2+ 46. Kg1 Ra4 47. Kg2 Kf6 48. Rb6+ Ke5 49. Rxg6 Ra2+ 50. Kg1 Ke4 51. Rb6 Rxa5 52. Rb4+ 1/2-1/2

[Event "Bundesliga 0607"]
[Site "Germany"]
[Date "2007.02.24"]
[Round "10.8"]
[White "Hansen, Curt"]
[Black "Markos, Jan"]
[Result "1-0"]
[WhiteElo "2621"]
[BlackElo "2538"]
[PlyCount "125"]
[EventDate "2006.10.28"]
[EventType "team-tourn"]
[EventRounds "15"]
[EventCountry "GER"]
[SourceTitle "CBM 118"]
[Source "ChessBase"]
[SourceDate "2007.05.31"]
[SourceVersion "1"]
[SourceVersionDate "2007.05.31"]
[SourceQuality "1"]
[WhiteTeam "Koeln Porz"]
[BlackTeam "Bindlach"]
[WhiteTeamCountry "GER"]
[BlackTeamCountry "GER"]

1. e4 c5 2. Nf3 Nc6 3. d4 cxd4 4. Nxd4 Nf6 5. Nc3 e5 6. Ndb5 d6 7. Bg5 a6 8. Na3 b5 9. Nd5 Be7 10. Bxf6 Bxf6 11. c4 b4 12. Nc2 a5 13. Be2 0-0 14. 0-0 Bg5 15. Qd3 Ne7 16. Nxe7+ Qxe7 17. Rfd1 Ra6 18. a3 Rb6 19. axb4 axb4 20. b3 f5 21. Ne3 Bxe3 22. Qxe3 Qc7 23. exf5 Bxf5 24. Bf3 h6 25. Rd5 Rbb8 26. Rad1 Rf6 27. c5 dxc5 28. Rxc5 Qf7 29. Rxe5 Kh8 30. Re7 Qg6 31. h4 Rbf8 32. h5 Qg5 33. Qxg5 hxg5 34. Rd4 g4 35. Bxg4 Bxg4 36. Rxg4 Rxf2 37. Rxb4 Rb2 38. h6 gxh6 39. Rbb7 Rc8 40. Rh7+ Kg8 41. Rxh6 Rf8 42. Rg6+ Kh8 43. Rb4 Kh7 44. Rg3 Rf6 45. Rh4+ Rh6 46. Rgh3 Rxh4 47. Rxh4+ Kg6 48. Rb4 Kf5 49. Kh2 Rb1 50. Kg3 Rf1 51. Rb5+ Kf6 52. Kg4 Rf2 53. Rb6+ Kf7 54. g3 Rf1 55. Kg5 Rf3 56. g4 Rg3 57. b4 Rg2 58. b5 Rg1 59. Rc6 Rb1 60. b6 Rb4 61. Rc7+ Ke6 62. b7 Ke5 63. Kh6 1-0

[Event "Bundesliga 0607"]
[Site "Germany"]
[Date "2006.12.10"]
[Round "6.7"]
[White "Hansen, Curt"]
[Black "Hertneck, Gerald"]
[Result "1-0"]
[WhiteElo "2621"]
[BlackElo "2520"]
[PlyCount "64"]
[EventDate "2006.10.28"]
[EventType "team-tourn"]
[EventRounds "15"]
[EventCountry "GER"]
[SourceTitle "CBM 116"]
[Source "ChessBase"]
[SourceDate "2007.02.01"]
[SourceVersion "1"]
[SourceVersionDate "2007.02.01"]
[SourceQuality "1"]
[WhiteTeam "Koeln Porz"]
[BlackTeam "Tegernsee"]
[WhiteTeamCountry "GER"]
[BlackTeamCountry "GER"]

1. d4 d5 2. c4 e6 3. Nc3 Nf6 4. cxd5 exd5 5. Bg5 c6 6. Qc2 Be7 7. e3 Nbd7 8. Bd3 Nh5 9. Bxe7 Qxe7 10. 0-0-0 Nb6 11. h3 g6 12. Nf3 Be6 13. Kb1 Ng7 14. g4 0-0-0 15. Na4 Nd7 16. Qb3 Ne8 17. Rc1 Nc7 18. Rc2 h5 19. g5 Bf5 20. Bxf5 gxf5 21. Rhc1 f6 22. gxf6 Qxf6 23. Ne5 Nxe5 24. Nc5 b6 25. dxe5 Qe7 26. Nd3 c5 27. Rxc5 bxc5 28. Nxc5 Na8 29. Ne6+ Kd7 30. Qxd5+ Ke8 31. Nxd8 Nb6 32. Qc6+ Kxd8 1-0

[Event "Politiken Cup 28th"]
[Site "Copenhagen"]
[Date "2006.07.28"]
[Round "7"]
[White "Rasmussen, Karsten"]
[Black "Hansen, Curt"]
[Result "0-1"]
[WhiteElo "2467"]
[BlackElo "2625"]
[PlyCount "110"]
[EventDate "2006.07.22"]
[EventType "swiss"]
[EventRounds "9"]
[EventCountry "DEN"]
[SourceTitle "CBM 113 Extra"]
[Source "ChessBase"]
[SourceDate "2006.09.14"]
[SourceVersion "1"]
[SourceVersionDate "2006.09.14"]
[SourceQuality "1"]

1. Nf3 Nf6 2. c4 g6 3. Nc3 Bg7 4. e4 c5 5. d4 Qa5 6. Bd2 cxd4 7. Nxd4 Nc6 8. Nc2 0-0 9. Be2 Qd8 10. 0-0 b6 11. Ne3 Bb7 12. Rc1 d6 13. b3 Nd7 14. Bd3 Nc5 15. Bb1 e6 16. Ne2 a5 17. Bc3 a4 18. Bxg7 Kxg7 19. Nc3 axb3 20. axb3 e5 21. Nb5 Ba6 22. b4 Nxb4 23. Nxd6 f6 24. Qg4 Ra7 25. Rcd1 Rd7 26. f4 Nc6 27. Ndf5+ Kh8 28. Nh6 Rxd1 29. Rxd1 Qe7 30. f5 Qg7 31. Qh4 g5 32. Qh5 Nd4 33. h4 gxh4 34. Kh1 Bb7 35. Nd5 b5 36. cxb5 Bxd5 37. exd5 Nxb5 38. Rc1 Nb3 39. Rc6 N3d4 40. Rb6 Nc3 41. Qxh4 Nxd5 42. Rd6 Ne3 43. Be4 Ne2 44. Rd3 Nf1 45. Ng4 Nfg3+ 46. Rxg3 Nxg3+ 47. Qxg3 h5 48. Bf3 hxg4 49. Bxg4 Qh6+ 50. Kg1 Rg8 51. Qf3 Rc8 52. Bh5 Qg5 53. Bg4 Rc1+ 54. Kh2 Rc4 55. Kh3 Rf4 0-1

[Event "Politiken Cup 28th"]
[Site "Copenhagen"]
[Date "2006.07.27"]
[Round "6"]
[White "Hansen, Curt"]
[Black "Andersen, Dan"]
[Result "1-0"]
[WhiteElo "2625"]
[BlackElo "2278"]
[PlyCount "55"]
[EventDate "2006.07.22"]
[EventType "swiss"]
[EventRounds "9"]
[EventCountry "DEN"]
[SourceTitle "CBM 113 Extra"]
[Source "ChessBase"]
[SourceDate "2006.09.14"]
[SourceVersion "1"]
[SourceVersionDate "2006.09.14"]
[SourceQuality "1"]

1. d4 Nf6 2. Nf3 d6 3. c4 Nbd7 4. Nc3 e5 5. e4 Be7 6. Be2 0-0 7. 0-0 c6 8. Re1 Re8 9. Bf1 Bf8 10. Rb1 a5 11. d5 g6 12. a3 c5 13. b3 Nh5 14. Qc2 Ng7 15. Bh6 Nb6 16. b4 axb4 17. axb4 cxb4 18. Rxb4 Nd7 19. Na4 f5 20. Bd3 fxe4 21. Bxe4 Nf6 22. Nb6 Rb8 23. Bg5 Be7 24. Nxc8 Qxc8 25. Reb1 Nxe4 26. Qxe4 Bxg5 27. Nxg5 Re7 28. Nxh7 1-0

[Event "Politiken Cup 28th"]
[Site "Copenhagen"]
[Date "2006.07.25"]
[Round "4"]
[White "Hansen, Curt"]
[Black "Christensen, Bo Garner"]
[Result "1/2-1/2"]
[WhiteElo "2625"]
[BlackElo "2247"]
[PlyCount "54"]
[EventDate "2006.07.22"]
[EventType "swiss"]
[EventRounds "9"]
[EventCountry "DEN"]
[SourceTitle "CBM 113 Extra"]
[Source "ChessBase"]
[SourceDate "2006.09.14"]
[SourceVersion "1"]
[SourceVersionDate "2006.09.14"]
[SourceQuality "1"]

1. d4 Nf6 2. c4 c5 3. d5 b5 4. cxb5 a6 5. bxa6 Bxa6 6. g3 d6 7. Bg2 g6 8. b3 Bg7 9. Bb2 Nbd7 10. Nh3 0-0 11. 0-0 Qb6 12. Bc3 Qb7 13. Re1 Nb6 14. e4 c4 15. b4 Bb5 16. Bd4 Na4 17. a3 Rfc8 18. Nc3 Nb2 19. Qe2 Nd3 20. Reb1 Bd7 21. Nf4 Bg4 22. f3 Nxd5 23. Bxg7 Qb6+ 24. Kh1 N5xf4 25. gxf4 Nf2+ 26. Kg1 Nh3+ 27. Kh1 Nf2+ 1/2-1/2

[Event "Politiken Cup 28th"]
[Site "Copenhagen"]
[Date "2006.07.22"]
[Round "1"]
[White "Hansen, Morten Lyck"]
[Black "Hansen, Curt"]
[Result "0-1"]
[WhiteElo "2009"]
[BlackElo "2625"]
[PlyCount "66"]
[EventDate "2006.07.22"]
[EventType "swiss"]
[EventRounds "9"]
[EventCountry "DEN"]
[SourceTitle "CBM 113 Extra"]
[Source "ChessBase"]
[SourceDate "2006.09.14"]
[SourceVersion "1"]
[SourceVersionDate "2006.09.14"]
[SourceQuality "1"]

1. e4 c5 2. Nf3 Nc6 3. d4 cxd4 4. Nxd4 Nf6 5. Nc3 d6 6. Be2 g6 7. 0-0 Bg7 8. Be3 0-0 9. Nb3 a6 10. a4 Be6 11. f4 Nd7 12. Nd2 Nc5 13. f5 Bd7 14. fxg6 hxg6 15. Bg4 Rc8 16. Bxd7 Nxd7 17. Nf3 Na5 18. Ng5 Nc4 19. Bc1 Nf6 20. Kh1 Nh7 21. Nxh7 Kxh7 22. Rf3 Kg8 23. Rh3 Rc5 24. Qe1 Qa5 25. Qg3 e6 26. Rb1 Rh5 27. b4 Rxh3 28. Qxh3 Qe5 29. Rb3 f5 30. Qd3 d5 31. Nxd5 exd5 32. Qxd5+ Qxd5 33. exd5 Rc8 0-1

[Event "Bundesliga 0506"]
[Site "Germany"]
[Date "2005.11.12"]
[Round "3.7"]
[White "Straeter, Timo"]
[Black "Hansen, Curt"]
[Result "0-1"]
[WhiteElo "2342"]
[BlackElo "2607"]
[PlyCount "80"]
[EventDate "2005.10.21"]
[EventType "team-tourn"]
[EventRounds "15"]
[EventCountry "GER"]
[SourceTitle "CBM 110"]
[Source "ChessBase"]
[SourceDate "2006.01.31"]
[SourceVersion "1"]
[SourceVersionDate "2006.01.31"]
[SourceQuality "1"]
[WhiteTeam "Wattenscheid"]
[BlackTeam "Koeln Porz"]
[WhiteTeamCountry "GER"]
[BlackTeamCountry "GER"]

1. d4 Nf6 2. c4 e6 3. Nf3 b6 4. a3 c5 5. d5 Ba6 6. Qc2 exd5 7. cxd5 g6 8. Nc3 Bg7 9. g3 0-0 10. Bg2 d6 11. 0-0 Re8 12. Re1 Nbd7 13. Bf4 Qe7 14. a4 Ne4 15. Nb5 Ndf6 16. Nd2 Nxf2 17. Nxd6 Nh5 18. Nxe8 Nxf4 19. Kxf2 Rxe8 20. Qe4 Bd4+ 21. e3 Nd3+ 22. Kg1 Qd8 23. Qf3 Bxb2 24. Rf1 Ne5 25. Qf4 Bxa1 26. Rxa1 Bd3 27. Rd1 Kg7 28. Nf3 Nxf3+ 29. Qxf3 c4 30. Qf4 Qf6 31. Bf1 Bxf1 32. Kxf1 Rxe3 33. Qxf6+ Kxf6 34. Rd4 Rd3 35. Rf4+ Kg7 36. Rxc4 Rxd5 37. Rc7 Ra5 38. Rc4 Rc5 39. Rd4 Rc2 40. Kg1 Rb2 0-1

[Event "Skanderborg Samba Cup-A 2nd"]
[Site "Skanderborg"]
[Date "2005.10.21"]
[Round "7"]
[White "Ivanchuk, Vassily"]
[Black "Hansen, Curt"]
[Result "1/2-1/2"]
[WhiteElo "2748"]
[BlackElo "2607"]
[PlyCount "50"]
[EventDate "2005.10.14"]
[EventType "tourn"]
[EventRounds "9"]
[EventCountry "DEN"]
[EventCategory "16"]
[SourceTitle "CBM 110"]
[Source "ChessBase"]
[SourceDate "2006.01.31"]
[SourceVersion "1"]
[SourceVersionDate "2006.01.31"]
[SourceQuality "1"]

1. d4 Nf6 2. c4 e6 3. Nc3 Bb4 4. Qc2 Nc6 5. Nf3 d6 6. Bd2 0-0 7. a3 Bxc3 8. Bxc3 Qe7 9. b4 e5 10. d5 Nd8 11. e3 Ne8 12. Bd3 f5 13. Nd2 Nf7 14. 0-0 Nf6 15. Be2 e4 16. Rfd1 Bd7 17. Bb2 Rae8 18. Nf1 Ne5 19. c5 Qf7 20. Rd2 Nxd5 21. cxd6 cxd6 22. Bxe5 Rxe5 23. Bc4 Be6 24. Bxd5 Rxd5 25. Rc1 h6 1/2-1/2

[Event "Politiken Cup 27th"]
[Site "Copenhagen"]
[Date "2005.07.20"]
[Round "6"]
[White "Hansen, Curt"]
[Black "Tjomsland, Stig"]
[Result "1-0"]
[WhiteElo "2613"]
[BlackElo "2257"]
[PlyCount "55"]
[EventDate "2005.07.16"]
[EventType "swiss"]
[EventRounds "10"]
[EventCountry "DEN"]
[SourceTitle "CBM 107 Extra"]
[Source "ChessBase"]
[SourceDate "2005.09.01"]
[SourceVersion "1"]
[SourceVersionDate "2005.09.01"]
[SourceQuality "1"]

1. c4 Nf6 2. Nc3 g6 3. e4 d6 4. d4 Bg7 5. Nf3 0-0 6. Be2 Na6 7. 0-0 e5 8. Re1 exd4 9. Nxd4 Re8 10. Bf1 Ng4 11. f3 Nxh2 12. Kxh2 Qh4+ 13. Kg1 Be5 14. f4 Bxd4+ 15. Qxd4 Qxe1 16. Nd5 Re6 17. b4 Qh4 18. Bb2 f6 19. Qc3 Bd7 20. g3 Qh6 21. Nxf6+ Rxf6 22. Qxf6 Rf8 23. Qd4 g5 24. c5 d5 25. exd5 gxf4 26. Bc4 Kf7 27. Re1 Rg8 28. d6+ 1-0

[Event "Politiken Cup 27th"]
[Site "Copenhagen"]
[Date "2005.07.18"]
[Round "4"]
[White "Hansen, Curt"]
[Black "Marder, Simon"]
[Result "1-0"]
[WhiteElo "2613"]
[BlackElo "2043"]
[PlyCount "47"]
[EventDate "2005.07.16"]
[EventType "swiss"]
[EventRounds "10"]
[EventCountry "DEN"]
[SourceTitle "CBM 107 Extra"]
[Source "ChessBase"]
[SourceDate "2005.09.01"]
[SourceVersion "1"]
[SourceVersionDate "2005.09.01"]
[SourceQuality "1"]

1. d4 d5 2. c4 e5 3. dxe5 d4 4. Nf3 Nc6 5. g3 Nge7 6. Bg2 Ng6 7. Qa4 Qd7 8. 0-0 Ngxe5 9. Nxe5 Nxe5 10. Qxd7+ Kxd7 11. Rd1 Nxc4 12. Rxd4+ Nd6 13. Nc3 g6 14. Bf4 Bg7 15. Rd3 Bxc3 16. Rxc3 Rd8 17. Rac1 Ke8 18. Bg5 Rd7 19. Rxc7 Rxc7 20. Rxc7 Bd7 21. Bf4 Ke7 22. e4 Rc8 23. e5 Nf5 24. Rxb7 1-0

[Event "Sigeman & Co 13th"]
[Site "Malmo/Copenhagen"]
[Date "2005.04.22"]
[Round "7"]
[White "Hansen, Curt"]
[Black "Hermansson, Emil"]
[Result "1/2-1/2"]
[WhiteElo "2633"]
[BlackElo "2432"]
[PlyCount "53"]
[EventDate "2005.04.15"]
[EventType "tourn"]
[EventRounds "9"]
[EventCountry "SWE"]
[EventCategory "13"]
[SourceTitle "CBM 107"]
[Source "ChessBase"]
[SourceDate "2005.08.01"]
[SourceVersion "1"]
[SourceVersionDate "2005.08.01"]
[SourceQuality "1"]

1. c4 c5 2. Nf3 Nc6 3. Nc3 e5 4. d3 g6 5. a3 Bg7 6. b4 d6 7. Rb1 Nge7 8. g3 0-0 9. Bg2 cxb4 10. axb4 d5 11. Nxd5 Nxd5 12. cxd5 Qxd5 13. 0-0 Qb5 14. Nd2 Nxb4 15. Nc4 a5 16. Bd2 Rd8 17. Nxa5 Qxa5 18. Bxb4 Qa2 19. Ra1 Qxa1 20. Qxa1 Rxa1 21. Rxa1 e4 22. Ra8 exd3 23. exd3 Bf6 24. Ba5 Rf8 25. Bb4 Rd8 26. Ba5 Rf8 27. Bb4 1/2-1/2

[Event "Sigeman & Co 13th"]
[Site "Malmo/Copenhagen"]
[Date "2005.04.20"]
[Round "5"]
[White "Hansen, Curt"]
[Black "Hector, Jonny"]
[Result "1-0"]
[WhiteElo "2633"]
[BlackElo "2513"]
[PlyCount "71"]
[EventDate "2005.04.15"]
[EventType "tourn"]
[EventRounds "9"]
[EventCountry "SWE"]
[EventCategory "13"]
[SourceTitle "CBM 107"]
[Source "ChessBase"]
[SourceDate "2005.08.01"]
[SourceVersion "1"]
[SourceVersionDate "2005.08.01"]
[SourceQuality "1"]

1. c4 e6 2. d4 d5 3. Nf3 c6 4. e3 Nf6 5. Nbd2 c5 6. dxc5 Bxc5 7. a3 a5 8. b3 Nc6 9. Bb2 0-0 10. Bd3 Qe7 11. 0-0 Rd8 12. Qc2 Kh8 13. cxd5 Rxd5 14. Ne4 Nxe4 15. Bxe4 Rh5 16. Rfd1 Ra6 17. g4 Rh6 18. Rac1 Bd6 19. Qd3 e5 20. Bxe5 Na7 21. Qd4 Qf8 22. g5 Re6 23. Bd5 Rg6 24. Bxd6 Rgxd6 25. Qf4 Be6 26. Bxe6 Rxd1+ 27. Rxd1 Rxe6 28. Rd7 Kg8 29. Nd4 Re8 30. Rxb7 Nc8 31. Nf5 Qxa3 32. Nh6+ Kh8 33. Nxf7+ Kg8 34. Qc4 Kf8 35. Nh6 Qa1+ 36. Kg2 1-0